000 01328nac a22003491i 4500
003 EG-ScBUE
005 20260512092257.0
008 260512t2001 maua f b 001 0 eng d
020 _a0763714259
020 _a9780763714253
040 _aEG-ScBUE
_beng
_erda
_cEG-ScBUE
_dEG-ScBUE
082 0 4 _a515.9
_bMAT
_222
100 1 _aMathews, John H.,
_eauthor.
245 1 0 _aComplex analysis for mathematics and engineering /
_cJohn H. Mathews, California State University-Fullerton, Russell W. Howell, Westmont College.
250 _aFourth edition.
264 1 _aSudbury, Mass. :
_bJones and Bartlett Publishers,
_c[2001]
264 4 _cc2001
300 _axi, 596 pages :
_billustrations (some color) ;
_c25 cm +
_e1 CD
336 _2rdacontent
_atext
_btxt
336 _2rdacontent
_asounds
_bsnd
337 _aunmediated
_2rdamedia
_bn
337 _ardamedia
_2audio
_bs
338 _avolume
_bnc
_2rdacarrier
338 _ardacarrier
_bcomputer disc
_2cd
504 _aIncludes bibliographical references and index.
538 _aSystem requirements for accompanying computer disc : Window 95/98/NT. Run D : \setup.exe.
650 7 _aFunctions of complex variables.
_2BUEsh
650 7 _aMathematical analysis.
_2BUEsh
655 _vReading book
700 1 _aHowell, Russell W.,
_eauthor.
942 _cBB
_2ddc
999 _c2044
_d2044